[Event "Dos Hermanas"]
[Site "Dos Hermanas"]
[Date "1992.??.??"]
[Round "8"]
[White "Bellon Lopez, Juan Manuel"]
[Black "Hodgson, Julian M"]
[Result "1-0"]
[WhiteElo "2435"]
[BlackElo "2545"]

1.d4 d6 2.c4 e5 3.Nf3 e4 4.Ng5 Nf6 5.Nc3 Bf5 6.g4 Bg6 7.Bg2 Qe7 8.h4 h5 9.gxh5 Rxh5
10.Nh3 Rxh4 11.Bg5 Rg4 12.Nd5 Qd7 13.Bxf6 Rxg2 14.Ne3 Rg4 15.Nxg4 Qxg4 16.Qb3 gxf6
17.Qxb7 Bh5 18.Nf4 Qxf4 19.Qxa8  1-0

[Event "Dos Hermanas"]
[Site "Dos Hermanas"]
[Date "1992.??.??"]
[Round "8"]
[White "Cramling, Pia"]
[Black "Campora, Daniel H"]
[Result "1/2-1/2"]
[WhiteElo "2530"]
[BlackElo "2550"]

1.d4 Nf6 2.c4 e6 3.Nf3 d5 4.Nc3 Nbd7 5.Bg5 Bb4 6.cxd5 exd5 7.e3 c5 8.Bd3 Qa5
9.Qc2 Bxc3+ 10.bxc3 O-O 11.O-O c4 12.Bf5 g6 13.Bxd7 Nxd7 14.e4 Nb6 15.e5 Bg4
16.Nh4 Nd7 17.f4 Qa6 18.h3 Be6 19.g4 f5 20.exf6 Nxf6 21.Nxg6 Ne4 22.Nxf8 Rxf8
23.Rae1 Bf7 24.Re3 b5 25.Bh4 Re8 26.Qb2 Qc6 27.Rb1 a6 28.Bg3 h5 29.Bh2 h4
30.Kg2 b4 31.Qxb4 Nd2 32.Qb7 Qa4 33.Rxe8+ Qxe8 34.Qb8 Nxb1 35.Qxb1 Qe2+ 36.Kh1 Qf3+
37.Kg1 Qe3+ 38.Kg2 Qe2+ 39.Kh1  1/2-1/2

[Event "Dos Hermanas"]
[Site "Dos Hermanas"]
[Date "1992.??.??"]
[Round "9"]
[White "Rodriguez Talavera, Juan Carlos"]
[Black "Akopian, Vladimir"]
[Result "1/2-1/2"]
[WhiteElo "2375"]
[BlackElo "2605"]

1.d4 Nf6 2.Nf3 g6 3.Bg5 Bg7 4.Nbd2 O-O 5.c3 d6 6.e4 Nbd7 7.h3 e5 8.Bd3 c6
9.O-O Qc7 10.Re1 Re8 11.Qc2 Nf8 12.Bf1 h6 13.Be3 g5 14.Rad1 Ng6 15.dxe5 dxe5
16.Nc4 Bf8 17.Nh2 Be6 18.f3 b5 19.Nd2 a5 20.b3 Nd7 21.Ng4 h5 22.Nf2 f6 23.Nd3 Re7
24.c4 b4 25.c5 g4  1/2-1/2

[Event "Dos Hermanas"]
[Site "Dos Hermanas"]
[Date "1992.??.??"]
[Round "9"]
[White "Hodgson, Julian M"]
[Black "Cramling, Pia"]
[Result "1-0"]
[WhiteElo "2545"]
[BlackElo "2530"]

1.d4 Nf6 2.Bg5 Ne4 3.h4 c5 4.d5 g6 5.Qd3 Nxg5 6.Qc3 Rg8 7.hxg5 Bg7 8.Qb3 c4
9.Qa3 b5 10.Rxh7 d6 11.Nd2 Nd7 12.Rb1 Qb6 13.Nh3 Bb7 14.Nf4 Rc8 15.e4 a6
16.Qf3 Nf8 17.Rh3 Qa5 18.Qa3 Qb6 19.c3 Nd7 20.Be2 Rc7 21.Kf1 Bc8 22.Kg1 Nc5
23.Rh4 a5 24.Rc1 Ba6 25.Rh3 Be5 26.Rf3 Rh8 27.g3 Bc8 28.Bf1 Ba6 29.b4 cxb3
30.axb3 Bxc3 31.Rfxc3 b4 32.Rxc5 bxa3 33.Rxc7 Bb7 34.R7c4 Kf8 35.Ra1 Ba6
36.Ra4 Bxf1 37.Rxf1 Qc5 38.Nc4 Qd4 39.Nxa3 Qc3 40.Kg2 Qxb3 41.Rxa5 Kg7 42.Ra7 Re8
43.Rb1 Qc3 44.Nb5 Qc2 45.Re1 Qc5 46.Rb7 Qb4 47.Re3 Rh8 48.Rxe7 Qxb5 49.Ne6+ Kg8
50.Ra3 Qb8 51.Nc7  1-0

[Event "Dos Hermanas"]
[Site "Dos Hermanas"]
[Date "1992.??.??"]
[Round "9"]
[White "Montecatine, Ricardo"]
[Black "De la Villa Garcia, Jesus Maria"]
[Result "0-1"]
[WhiteElo "2345"]
[BlackElo "2450"]

1.d4 d5 2.c4 dxc4 3.Nf3 Nf6 4.Nc3 e6 5.e3 a6 6.a4 c5 7.Bxc4 Nc6 8.O-O Qc7
9.Qe2 Bd6 10.dxc5 Bxc5 11.e4 Ng4 12.g3 O-O 13.Bf4 e5 14.Nd5 Qd6 15.Bd2 Nf6
16.Qd3 Bh3 17.Rfe1 Ng4 18.Re2 h6 19.Rd1 Rad8 20.Bc3 Kh8 21.Red2 Qb8 22.Nh4 Nf6
23.a5 Nb4 24.Qb1 Nbxd5 25.Bxd5 Bg4 26.Re1 Qc7 27.Kg2 Bc8 28.f3 Rfe8 29.Red1 Nxd5
30.Rxd5 f6 31.g4 Bd4 32.Rxd8 Rxd8 33.Qd3 Rd7 34.Qc2 Kh7 35.Nf5 Bxc3 36.Rxd7 Bxd7
37.Qxc3 Qxc3 38.bxc3 Kg8 39.Kf2 Kf8 40.Ke3 Bxf5 41.exf5 Ke7 42.h4 Kd6 43.Ke4 Kc5
44.g5 hxg5 45.hxg5 Kc4 46.g6 Kc5 47.Kd3 Kb5 48.Ke3 b6 49.Ke4 Kc6 50.axb6 a5
51.b7 Kxb7 52.Kd5 Kb6 53.Kd6 Kb5 54.Kd5 a4 55.c4+ Ka6 56.Ke6 a3 57.Kf7 a2
58.Kxg7 a1=Q 59.Kf7 Qd4 60.g7 Qxc4+ 61.Kf8 Qc8+ 62.Kf7 Qd7+  0-1

[Event "Dos Hermanas"]
[Site "Dos Hermanas"]
[Date "1992.??.??"]
[Round "9"]
[White "Oll, Lembit"]
[Black "Bellon Lopez, Juan Manuel"]
[Result "1-0"]
[WhiteElo "2600"]
[BlackElo "2435"]

1.d4 Nf6 2.Nf3 d5 3.c4 dxc4 4.e3 Nbd7 5.Bxc4 Nb6 6.Bb3 Bf5 7.Nc3 e6 8.h3 c6
9.Qe2 Nbd5 10.Ne5 Bb4 11.Bd2 Qa5 12.O-O Nxc3 13.bxc3 Bxc3 14.Nc4 Qb4 15.Bxc3 Qxc3
16.Nd6+ Kf8 17.Nxb7 Bd3 18.Qe1 Ne4 19.Qxc3 Nxc3 20.Rfe1 a5 21.Nc5 Bg6 22.Rac1 Nd5
23.Nd7+ Ke7 24.Ne5 Nb4 25.e4 a4 26.Bc4 f6 27.Nxg6+ hxg6 28.d5 cxd5 29.exd5 e5
30.a3 Na6 31.Bd3 Rhd8 32.f4 e4 33.Rxe4+ Kf8 34.Rxa4 Nc7 35.Rxa8 Nxa8 36.Bxg6 Nb6
37.Be4 Ra8 38.Rc6  1-0